Types of conflict.

Bibliographic Details
Format: eBook
Language:English
Published: [Place of publication not identified] : Emerald Publishing Limited, 2017.
Series:International Journal of Conflict Management, Volume 28 Number 1
Subjects:
Online Access:Click to View
LEADER 01619nam a2200397 i 4500
001 EBC4843476
003 MiAaPQ
005 20200520144314.0
006 m o d |
007 cr cnu||||||||
008 170505t20172017xx ob 000 0 eng d
020 |z 9781787143913 
020 |a 9781787143920 (e-book) 
035 |a (MiAaPQ)EBC4843476 
035 |a (Au-PeEL)EBL4843476 
035 |a (CaPaEBR)ebr11375845 
035 |a (OCoLC)983204435 
040 |a MiAaPQ  |b eng  |e rda  |e pn  |c MiAaPQ  |d MiAaPQ 
050 4 |a K3174  |b .T974 2017 
082 0 |a 342.0684  |2 23 
245 0 0 |a Types of conflict. 
264 1 |a [Place of publication not identified] :  |b Emerald Publishing Limited,  |c 2017. 
264 4 |c 2017 
300 |a 1 online resource (144 pages). 
336 |a text  |2 rdacontent 
337 |a computer  |2 rdamedia 
338 |a online resource  |2 rdacarrier 
490 0 |a International Journal of Conflict Management,  |x 1044-4068 ;  |v Volume 28 Number 1 
504 |a Includes bibliographical references. 
588 |a Description based on online resource; title from PDF cover (ebrary, viewed May 5, 2017). 
590 |a Electronic reproduction. Ann Arbor, MI : ProQuest, 2016. Available via World Wide Web. Access may be limited to ProQuest affiliated libraries. 
650 0 |a Conflict of interests. 
655 4 |a Electronic books. 
776 0 8 |i Print version:  |t Types of conflict.  |d [Place of publication not identified] : Emerald Publishing Limited, c2017   |h 143 pages   |z 9781787143913 
797 2 |a ProQuest (Firm) 
856 4 0 |u https://ebookcentral.proquest.com/lib/matrademy/detail.action?docID=4843476  |z Click to View